|
|
|
|
| LEADER |
00000nam a2200000 a 4500 |
| 001 |
vtls010296000 |
| 003 |
SK-MaSNL |
| 005 |
20260425235711.0 |
| 008 |
240314s2011 xo o c 000 0beng |
| 015 |
|
|
|a SNBE2012/03-00822
|
| 020 |
|
|
|a 9788089025381
|q (viaz.)
|
| 035 |
|
|
|a 038B2B69-8A75-4DE8-B969-1593F7F8A026
|
| 035 |
|
|
|a urn:nbn:sk:snk-amjxjn
|
| 035 |
|
|
|a urn:nbn:sk:snk-am007zn2
|
| 040 |
|
|
|a SNK
|b slo
|c SNK
|e AACR2
|
| 041 |
0 |
|
|a eng
|a slo
|
| 043 |
|
|
|a e-xo---
|
| 044 |
|
|
|a xo
|c SK
|
| 072 |
|
7 |
|a 75
|x Maliarstvo
|2 konspekt
|
| 080 |
|
|
|a 75.071.1-055.2
|2 2001
|
| 080 |
|
|
|a 72/76(437.6)
|2 2001
|
| 080 |
|
|
|a (437.6)
|2 2001
|
| 080 |
|
|
|a (048.8)
|2 2001
|
| 080 |
|
|
|a (084.11)
|2 2001
|
| 080 |
|
|
|a (083.82)
|2 2001
|
| 100 |
1 |
|
|a Meulensteen, Gerard H.,
|d 1943-
|4 aut
|9 331506
|
| 245 |
1 |
0 |
|a Zuzana Rabina Bachoríková
|b collection of slovak art
|c Gerard H. Meulensteen & Vincent Polakovič ; [text: Mária Horváthová]
|
| 250 |
|
|
|a [1st. ed.]
|
| 260 |
|
|
|a Bratislava
|b Danubiana Meulensteen Art Museum
|c [2011]
|
| 300 |
|
|
|a 47 s.
|b fotogr.
|c 28 cm
|
| 490 |
1 |
|
|a Collection of Slovak Art
|
| 500 |
|
|
|a Životopisné dáta, prehľad výstav
|
| 546 |
|
|
|a Súbežný text slov.
|
| 600 |
1 |
7 |
|a Bachoríková, Zuzana Rabina,
|d 1961-
|2 SNKMA
|9 432726
|
| 648 |
|
7 |
|a 20.-21. stor.
|2 SNKPH
|9 270701
|
| 650 |
0 |
7 |
|a maliarky
|2 SNKPH
|9 93021
|
| 650 |
0 |
7 |
|a slovenské výtvarné umenie
|2 SNKPH
|9 68597
|
| 651 |
|
7 |
|a Slovensko
|2 SNKPH
|9 14231
|
| 655 |
|
7 |
|a monografie
|2 SNKPH
|9 70139
|
| 655 |
|
7 |
|a obrazové publikácie
|2 SNKPH
|9 70343
|
| 655 |
|
7 |
|a katalógy
|2 SNKPH
|9 60821
|
| 700 |
1 |
|
|a Polakovič, Vincent,
|d 1958-
|4 aut
|9 331507
|
| 700 |
1 |
|
|a Horváthová, Mária,
|d 1951 18. január-
|4 aut
|9 168143
|
| 700 |
1 |
|
|a Bachoríková, Zuzana Rabina,
|d 1961-
|4 art
|9 432726
|
| 830 |
|
0 |
|a Collection of Slovak Art
|9 331508
|
| 919 |
|
|
|a 978-80-89025-38-1
|
| 958 |
|
|
|a BX
|
| 999 |
|
|
|c 836038
|d 837968
|
| 952 |
|
|
|a SNK
|b SNK
|y VYP
|7 0
|p 17A0710779
|o snkSB 81830 D1
|i snk2011/16748
|8 0
|0 0
|1 0
|4 0
|d 2011-08-01
|l 0
|r 2016-06-30 00:00:00
|w 2026-02-24
|
| 952 |
|
|
|a SNK
|b SNK
|y PREZ
|7 0
|p 17A0710778
|o snkSB 81830
|i snk2011/16747
|8 0
|0 0
|1 0
|4 0
|d 2011-08-01
|f 1
|l 0
|r 2025-05-05 00:00:00
|w 2026-02-24
|